00913nam a2200205 i 450000100060000000300090000600500170001500700030003200800410003510000510007624501940012726000370032130000220035859400490038060000380042970000490046785200530051699900170056995201210058649476ES-MaACL20251002204010.0t|030716s1948 sp ||||1| spa d1 aCossío, José María de,d1893-197794101710aLope b: personaje de sus comedias : discurso leído el día 6 de junio de 1948 en su recepción pública / cpor José María de Cossío y contestación de Emilio García Gómez. aMadrid : bEspasa-Calpe, c1948. a100 p. ; c23 cm. aPrecede al tít.: Real Academia Española.14aVega, Lope de,d1562-163591135631 aGarcía Gómez, Emilio, d1905-1995954690 aES-MaACLjK-157-9 z.- Enc. en un vol. facticio c49476d49476 00104070aATENEOMbATENEOMcADMd2008-01-17eDONl0oK-157-9p1052058r2023-02-23 00:00:00w2023-02-23yMONOGRAFIA